Statistiche per Tutti gli Stati che hanno controllato Anversa

Clicka qui per fare il quiz!

Statistiche generali

  • Questo quiz è stato fatto 5 volte
  • Il punteggio medio è 20 su 28

Statistiche sulle risposte

Risposta% Corretto
Alleati (UK)
100%
Regno del Belgio
100%
Regno di Spagna
100%
Regno di Spagna
100%
Sacro Romano Impero
100%
Arciducato d'Austria
75%
Arciducato d'Austria
75%
Arciducato d'Austria
75%
Arciducato d'Austria
75%
Arciducato d'Austria
75%
Ducato di Borgogna
75%
Impero Carolingio
75%
Impero Tedesco
75%
Prima Repubblica Francese
75%
Primo Impero Francese
75%
Regno del Belgio
75%
Regno del Belgio
75%
Regno Unito dei Paesi Bassi
75%
Repubblica delle Sette Province Unite dei Paesi Bassi
75%
Terzo Reich
75%
Ducato di Brabante
50%
Prima Repubblica Francese
50%
Regno dei Franchi
50%
Regno dei Franchi Occidentali
50%
Regno dei Franchi Orientali
50%
Regno di Francia e Navarra
50%
Regno Lotaringio di Francia Media
50%
Stati Belgi Uniti
25%

Distribuzione punteggi

Percentile per numero di risposta

Percentuale di utenti per punteggio

I tuoi punteggi nel tempo

Non hai fatto questo quiz